000
00410nam a2200133Ia 4500
008
151001s9999||||xx |||||||||||||| ||und||
100
_a
नर्मदा इंदूरखा
245
_a
हिन्दी व्याकरण और रचना
250
_a
1
260
_b
नर्मदा पुस्तक प्रकाशन
260
_c
2009
300
_a
80
365
_b
21
999
_c
995204
_d
995201